Fruit and Vegetable Preservation:Principles and Practices (Record no. 18853)

MARC details
000 -LEADER
fixed length control field 00480nam a22001697a 4500
003 - CONTROL NUMBER IDENTIFIER
control field OSt
005 - DATE AND TIME OF LATEST TRANSACTION
control field 20211117170713.0
008 - FIXED-LENGTH DATA ELEMENTS--GENERAL INFORMATION
fixed length control field 211117b |||||||| |||| 00| 0 eng d
020 ## - INTERNATIONAL STANDARD BOOK NUMBER
International Standard Book Number 81-85860-74-2
040 ## - CATALOGING SOURCE
Transcribing agency Hawassa University
050 ## - LIBRARY OF CONGRESS CALL NUMBER
Classification number 641.4/SPI
Item number 2
082 ## - DEWEY DECIMAL CLASSIFICATION NUMBER
Edition number 3
Classification number 641.4/SPI
Item number 2
100 ## - MAIN ENTRY--PERSONAL NAME
Personal name Srivastava,P.R.
9 (RLIN) 19074
245 ## - TITLE STATEMENT
Title Fruit and Vegetable Preservation:Principles and Practices
260 ## - PUBLICATION, DISTRIBUTION, ETC.
Name of publisher, distributor, etc. International Book Distributing Co.
Date of publication, distribution, etc. 1994
942 ## - ADDED ENTRY ELEMENTS (KOHA)
Source of classification or shelving scheme Dewey Decimal Classification
Koha item type Books like text book referance book
Suppress in OPAC No
Holdings
Withdrawn status Lost status Source of classification or shelving scheme Damaged status Not for loan Home library Current library Date acquired Total Checkouts Full call number Barcode Date last seen Copy number Price effective from Koha item type
    Dewey Decimal Classification     College of Agriculture Library College of Agriculture Library 11/17/2021   641.4/SRI ALIB0005409 11/17/2021 1 11/17/2021 Books like text book referance book
    Dewey Decimal Classification     College of Agriculture Library College of Agriculture Library 11/17/2021   641.4/SRI ALIB0005410 11/17/2021 2 11/17/2021 Books like text book referance book